000 01179nam a22003618i 4500
001 021357564
003 EG-ScBUE
005 20260216101606.0
008 240917s2024 paua f b 001 0 eng d
020 _a9781975220426
020 _a1975220420
040 _aStDuBDS
_beng
_erda
_cStDuBDS
_dEG-ScBUE
082 0 4 _a618.20231
_222
_bRIC
100 1 _aRicci, Susan Scott,
_eauthor.
245 1 0 _aMaternity and pediatric nursing /
_cSusan Scott Ricci, Theresa Kyle, Susan Carman.
250 _aFifth edition.
250 _aInternational edition.
264 1 _aPhiladelphia :
_bLippincott Williams & Wilkins,
_c2025.
300 _a1856 pages :
_billustrations (colour) ;
_c30 cm
336 _atext
_2rdacontent
_btxt
336 _astill image
_2rdacontent
_btxt
337 _aunmediated
_2rdamedia
_bn
338 _avolume
_2rdacarrier
_bnc
504 _aIncludes bibliographical references and index.
650 7 _aMaternity nursing.
_2BUEsh
650 7 _aPediatric nursing.
_2BUEsh
653 _cFebruary2026
_bNNUR
655 _vReading book
700 1 _aKyle, Terri,
_eauthor.
700 1 _aCarman, Susan,
_eauthor.
942 _2ddc
_cBB
999 _c31135
_d31106